Протокол Комиссии тов. В. В. Куйбышева по вопросу об организации встречи Челюскинцев в Москве, постановление Правительственной К...

RUSMARC
00005650nmc2a22003733x 450
00106ea7052-7fe5-4d34-8a45-6bbad73ceab3
00520250726000132.0
100##$a20250613l19341934k y0rusy50 ca
1010#$arus
$amul
102##$aRU
105##$aa z |||||
1222#$ad19340610
$ad19341231
2001#$aПротокол Комиссии тов. В. В. Куйбышева по вопросу об организации встречи Челюскинцев в Москве, постановление Правительственной Комиссии по оказанию помощи Челюскинцам и материалы к протоколу
$j10.06.1934 - 1934
215##$a216 листов
$cфот., табл.
$d35,4 х 24,5
251##$cДело
300##$aЗаголовок дела на папке: Протокол Комиссии т. Куйбышева В. В. по вопросу об организации встречи челюскинцев в Москве
300##$aНа папке дела: 20 апреля 1934 г. - 1937 г.
300##$aЛисты: 103-216 - фото
300##$aЧасть текста на иностранных языках
300##$aЧасть текста машинописная и рукописная, часть - напечатана типографским способом
324##$aВ деле имеются копии отдельных документов
330##$aВходит в раздел описи: Наградной сектор
461#0$1001796d4672-8a00-4986-b488-6e42273792cc
$12001
$aЦЕНТРАЛЬНЫЙ ИСПОЛНИТЕЛЬНЫЙ КОМИТЕТ СССР (ЦИК СССР).
$1251
$cФонд
$1852
$gР
$j3316
462#0$100152db47e1-fc22-4014-ad3e-66ff579b90a7
$12001
$aДела Секретариата Президиума ЦИК Союза ССР за 1934 год
$vД. 694
$1251
$cОпись
$1852
$j27
5171#$aПротокол Комиссии т. Куйбышева В. В. по вопросу об организации встречи челюскинцев в Москве
60102$aКомиссия т. Куйбышева В. В. по вопросу об организации встречи челюскинцев в Москве
60102$aПравительственная комиссия по оказанию помощи челюскинцам
605##$3DITM\AF\0000002775
$aВласть
$lколлекция
$2acquisition_prlib
6101#$aПротокол
$aПостановление
$aКомиссия по оказанию помощи
$aМатериалы к протоколу
$aЧелюскинцы
686##$a67.401.011.12ю1
$cПраво
$2rubbk
686##$a63.3(2)614-332ю1
$cИстория
$2rubbk
801#0$aRU
$bGA_RF
801#1$aRU
$bГлавНИВЦ
$c20250613
$2rusmarc
801#2$aRU
$bПБ им. Б.Н. Ельцина
$c20250726
$gRCR
$2rusmarc
852##$aГА РФ
$j694
937##$d197628114
$hГАРФ
035##$aRuPRLIB51079793
856##$uhttp://readingroom.main.prlib.ru/item.aspx?id_node=n197628114&mode=full
Формат отображения